000 01171nam a2200337 i 4500
001 bg
003 BPK
005 20191104142009.0
008 080625s2008 pl a f f |000 0 pol
015 _aPB 19143/2008
020 _a9788372519085
040 _cBPK
041 _apol
044 _aPOL
080 _a311
080 _a(075.8)
100 1 _aPułaska-Turyna, Beata.
245 1 0 _aStatystyka dla ekonomistów /
_cBeata Pułaska-Turyna.
250 _aWyd. 2 rozsz.
260 _aWarszawa :
_bCentrum Doradztwa i Informacji Difin,
_c2008.
300 _a359, [1] s. :
_bil. ;
_c23 cm.
504 _aBibliogr. s. [360].
521 8 _aPodręcznik dla studentów uczelni ekonomicznych.
655 _aPodręczniki akademickie
650 9 _aStatystyka
710 2 _aDifin
_4pbl.
856 _uhttp://koha.tu.koszalin.pl/cgi-bin/koha/opac-detail.pl?biblionumber=55436
_yKatalog online BPK
856 _uhttp://dlibra.tu.koszalin.pl/dlibra/docmetadata?id=355&from=&dirids=1&ver_id=&lp=1&QI=
_yBiblioteka Cyfrowa
942 _cKS
_2udc
999 _c55436
_d55436